Регионална библиотека "Любен Каравелов" - Русе

Методика на обучението по български език в началното училище (Запис номер 9776)

MARC детайли
000 -Лидер
Контролно поле с фиксирана дължина 02160nam a2200361 c 4500
003 - Код на организацията, давaща контролен номер
Контролно поле BLK
005 - Дата и час на последна редакция
Контролно поле 20231107093528.0
008 - Елементи от данни с фиксирана дължина
fixed length control field 180412b bul|||||r ||||||| ||bul||
010 ## - Наследен системен номер
LC control number KNG00011210000
020 ## - Международен стандартен номер на книга ISBN
Международен стандартен номер на книга ISBN 954-459-282-2
-- издат.: Хермес
040 ## - Източник на каталожния запис
Идентификатор на билиотеката - собственик на записа BLK
080 ## - УДК
Текстов определител УДК Езиково и говорно възпитание. Начални основи на граматика и правопис.
УДК код - определител по УДК 372.46
УДК определител (075.8)
УДК - код + определител 372.46(075.8)
080 ## - УДК
Текстов определител УДК Основи на четенето. Методи на обучение в четенето
УДК код - определител по УДК 372.41
УДК определител (075.8)
УДК - код + определител 372.41(075.8)
100 1# - Редна дума - Автор
Автор Здравкова, Стойка Здравкова
Авторска отговорност първи автор
R(LIN) 245554
139 ## - Редно поле
Редна дума Здравкова, Стойка Здравкова
Авторски знак Зд - З 50
245 10 - Сведения за заглавието
Заглавие Методика на обучението по български език в началното училище
Подзаглавни данни Учебник за студентите от СУ Св. Климент Охридски : Ч. 1 -
Редно поле (дума) Стойка Здравкова Здравкова.
Том Ч. 1
250 ## - Област на изданието
Сведения за изданието 3. изд
260 ## - Област на издателските данни
-- Пловдив
Име на издателя, разпространителя и проч. Хермес
Година на издаване 1996 -
300 ## - Физическа характеристика
Размери/Мащаб 20 см
380 ## - Жанр
Жанр Обществени науки
500 ## - Общи забележки
Забележка Деп. списък: 6 ; Офс. изд
650 #4 - Допълнително описание по предмет – тема
Основно описание – тема или топоним Български език - методика на преподаването - за начални училища
9 (RLIN) 245533
650 #4 - Допълнително описание по предмет – тема
Основно описание – тема или топоним Литература - методика на преподаването - за начални училища
9 (RLIN) 242049
653 ## - Ключова дума – ненормативна
Ключова дума Балкански полуостров
653 ## - Ключова дума – ненормативна
Ключова дума руски философи
760 1# - Описание на основната серия
Редна дума на основното описание Здравкова, Стойка Здравкова
Издание 3. изд
Място на издаване, издател и година 1996
Страници - том 383 с. : с табл., сх. : с табл., сх
Забележка - том 1. изд. 1980 [деп. 1982] със загл. Методика на обучението по български език в началните класове, изд. на СУ Климент Охридски
Заглавие Ч. 1
852 ## - Местоположение
Форматна сигнатура Цб 185985
856 4# - Електронен адрес и достъп
Електронен формат pdf - файл
Път до файла /url/
856 4# - Електронен адрес и достъп
Електронен формат pdf - файл
Път до файла /url/
942 ## - АРТИКУЛИ
Вид на библиотечния материал Книги
Скрит в OPAC Не
Koha issues (borrowed), all copies 4
944 ## - СЪЗДАВАНЕ И РЕДАКЦИЯ на ЗАПИСА
Създаване/Редакция Създаване
Дата на регистрацията/редакция 15.01.2003
Служител, извършил регистрацията/редакцията 30571
Статус, дата на статуса Николай Господинов
944 ## - СЪЗДАВАНЕ И РЕДАКЦИЯ на ЗАПИСА
Създаване/Редакция Редакция
Дата на регистрацията/редакция 13.09.2006
Служител, извършил регистрацията/редакцията
999 ## - СИСТЕМНИ КОНТРОЛНИ НОМЕРА
Koha biblionumber 9776
Koha biblioitemnumber 9776
Наличности
Код за отписване Код за изгубен артикул Източник на класификационната схема Код за повреда Коз за рестрикции Код за отдаване Артикулен № Име на библиотеката - собственик Име на библиотеката, в която се намира в момента Статус (Текущо местоположение) Дата на вписване в системата Местоположение - отдел Цена в лева Инвентарен номер Систематично азбучна сигнатура Баркод Номер на екземпляра Цена в евро Служебен тип на артикула Служебна бележка
  Не е изгубен Universal Decimal Classification Не е повреден без рестрикции ползва се в читалня 16947 Регионална библиотека "Любен Каравелов" Русе Регионална библиотека "Любен Каравелов" Русе Хранилище 2023-11-07 Хранилище 1.80 620518 Цб 185985 120000620518 1 0.92 Книги  
  Не е изгубен Universal Decimal Classification Не е повреден без рестрикции ползва се в читалня 16948 Регионална библиотека "Любен Каравелов" Русе Регионална библиотека "Любен Каравелов" Русе Читалня 1996-01-01 Читалня 1.80 619618 Ч 373.2+373.3/З 50 120000619618 2 0.92 Книги Дост: Pk Вид: Ф N: стар фонд Дата: 01.01.1996 Дата инв: 15.03.2017 Бележки инв: Ч2017
Vip Innovations Ltd, Rousse, Bulgaria 2025